Vista normal Vista MARC

Entrada Personal Name

Número de registros utilizados en: 2

001 - CONTROL NUMBER

  • control field: 2536

003 - CONTROL NUMBER IDENTIFIER

  • control field: OSt

005 - DATE AND TIME OF LATEST TRANSACTION

  • control field: 20230608222911.0

008 - FIXED-LENGTH DATA ELEMENTS

  • fixed length control field: 230608|| aca||aabn | a|a d

040 ## - CATALOGING SOURCE

  • Original cataloging agency: OSt
  • Transcribing agency: OSt

100 ## - HEADING--PERSONAL NAME

  • Personal name: Eco, Umberto
  • Dates associated with a name: 1932-

670 ## - SOURCE DATA FOUND

  • Source citation: Work cat.: (OSt)4710: Eco, Umberto 1932-, El nombre de la rosa









Instituto Departamental de Cultura del Meta - Red Departamental de Bibliotecas Públicas del Meta.